书目信息 |
| 题名: |
杂填土地基互嵌沉降机理与变形分析研究
|
|
| 作者: | 张福海, , 孟庆祥, 著 | |
| 分册: | ||
| 出版信息: | 南京 河海大学出版社 2021.12 |
|
| 页数: | 188页 | |
| 开本: | 24cm | |
| 丛书名: | ||
| 单 册: | ||
| 中图分类: | TU472 , TU433 | |
| 科图分类: | ||
| 主题词: | 填土地基--tian tu di ji--地基沉降--研究 | |
| 电子资源: | ||
| ISBN: | 978-7-5630-7346-7 | |
| 000 | 01754nam0 2200289 450 | |
| 001 | 26284 | |
| 005 | 20220920085418.39 | |
| 010 | @a978-7-5630-7346-7@dCNY84.00 | |
| 100 | @a20220317d2021 em y0chiy50 ea | |
| 101 | 0 | @achi |
| 102 | @aCN@b320000 | |
| 105 | @aa a 000yy | |
| 200 | 1 | @a杂填土地基互嵌沉降机理与变形分析研究@Aza tian tu di ji hu qian chen jiang ji li yu bian xing fen xi yan jiu@d= Study on mechanism and deformation analysis of mutually embedded settlement of miscellaneous filled soil foundation@f张福海, 孟庆祥著@zeng |
| 210 | @a南京@c河海大学出版社@d2021.12 | |
| 215 | @a188页@c图@d24cm | |
| 300 | @a国家自然科学基金面上项目资助 | |
| 314 | @a张福海, 男, 汉族。1970年8月生, 山东沂源人, 博士, 教授, 博士生导师。1994年河海大学农田水利工程专业毕业, 并留河海大学任教, 其间在职攻读岩土工程专业硕士和博士研究生。孟庆祥, 男, 汉族。1991年5月生, 安徽滁州人, 博士, 博士后, 副教授, 硕士生导师。2011年本科毕业于河海大学水利水电工程专业, 2016年12月获岩土工程专业博士学位。 | |
| 320 | @a有书目 (第184-188页) | |
| 330 | @a本书针对杂填土颗粒特征、软土稠度状态和上覆荷载特性三个方面对互嵌沉降进行了系统研究。主要内容包括: 绪论、杂填土地基互嵌沉降物理模型试验装置、杂填土颗粒对软土互嵌沉降的影响、软土颗粒对互嵌沉降的影响、上覆荷载对互嵌沉降的影响、杂填土地基互嵌沉降估算的概念解析模型、基于离散元软件的杂填土地基互嵌沉降变形分析。 | |
| 510 | 1 | @aStudy on mechanism and deformation analysis of mutually embedded settlement of miscellaneous filled soil foundation@zeng |
| 606 | 0 | @a填土地基@Atian tu di ji@x地基沉降@x研究 |
| 690 | @aTU472@v5 | |
| 690 | @aTU433@v5 | |
| 701 | 0 | @a张福海,@Azhang fu hai@f1970-@4著 |
| 701 | 0 | @a孟庆祥,@Ameng qing xiang@f1991-@4著 |
| 801 | 0 | @aCN@c20220910 |
| 905 | @a河南城建学院图书馆@dTU472@eZ100@f2 | |
| 杂填土地基互嵌沉降机理与变形分析研究= Study on mechanism and deformation analysis of mutually embedded settlement of miscellaneous filled soil foundation/张福海, 孟庆祥著.-南京:河海大学出版社,2021.12 |
| 188页:图;24cm |
| 国家自然科学基金面上项目资助 |
| ISBN 978-7-5630-7346-7:CNY84.00 |
| 本书针对杂填土颗粒特征、软土稠度状态和上覆荷载特性三个方面对互嵌沉降进行了系统研究。主要内容包括: 绪论、杂填土地基互嵌沉降物理模型试验装置、杂填土颗粒对软土互嵌沉降的影响、软土颗粒对互嵌沉降的影响、上覆荷载对互嵌沉降的影响、杂填土地基互嵌沉降估算的概念解析模型、基于离散元软件的杂填土地基互嵌沉降变形分析。 |
| ● |
| 相关链接 |
|
|
|
正题名:杂填土地基互嵌沉降机理与变形分析研究
索取号:TU472/Z100
 
预约/预借
| 序号 | 登录号 | 条形码 | 馆藏地/架位号 | 状态 | 备注 |
| 1 | 1577229 | 215772297 | 建筑库101/101建筑库 98排1列2层/ [索取号:TU472/Z100] | 在馆 | |
| 2 | 1577230 | 215772304 | 建筑库101/101建筑库 98排1列2层/ [索取号:TU472/Z100] | 在馆 |